The big Ed Sheeran quiz - Statistics

General Stats
  • This quiz has been taken 17 times
  • The average score is 8 of 15
Answer Stats
question Answer % Correct
What is Ed Sheerans full first name edward
94%
In what year was this song released 2017
88%
What is Ed Sheerans most streamed song shape of you
88%
So how old did he get in 2025? 34
75%
In what month was Ed Sheeran born? february
75%
Ed Sheeran was born at ../02/1991. 17
69%
In what year was Ed Sheeran born? 1991
69%
When did they get married? 2019
63%
How many grammys did he win? (total) 4
63%
What is Ed Sheerans second name christopher
31%
Who is the wife of ed sheeran? cherry seaborn
25%
In which town was Ed Sheeran born? halifax
25%
In what stadium was he the first solo artistto perform alone? wembley
19%
At the art galary of which football club didEds mom work when he was little? man city
6%
How are the supporters of this club called? citizens
0%
No matching quizzes found
Score Distribution
Percent of People with Each Score
Percentile by Number Answered
Your Score History
You have not taken this quiz